| 000 | 00779cam a22002533a 4500 | ||
|---|---|---|---|
| 001 | 16285 | ||
| 003 | PGUSA | ||
| 005 | 20140828083340.0 | ||
| 008 | 050713s2005||||xxu|||||s|||||000 | eng d | ||
| 040 |
_aPGUSA _beng |
||
| 042 | _adc | ||
| 050 | 4 | _aBX | |
| 100 | 1 |
_aGerberding, G. H. _q(George Henry), _d1847-1927 |
|
| 245 | 1 | 4 |
_aThe Way of Salvation in the Lutheran Church _h[electronic resource] / _cG. H. Gerberding |
| 260 |
_bProject Gutenberg, _c2005 |
||
| 506 | _aPublic domain in the USA. | ||
| 516 | _aElectronic text | ||
| 653 | _aSalvation | ||
| 653 | _aLutheran Church -- Doctrinal and controversial works | ||
| 700 | 1 |
_aRhodes, M. _q(Mosheim), _d1837-1924 |
|
| 830 | 0 |
_aProject Gutenberg _v16285 |
|
| 856 | 4 | 0 | _uhttp://www.gutenberg.org/ebooks/16285 |
| 942 | _cEB | ||
| 999 |
_c245540 _d245540 |
||